00337 a2200133 450000100060000002000180000604000240002410000310004824000300007924500250010930000070013436200090014165000530015014301 a9788516055479 cAnchieta - Aquarius aMartins,Maria Helena Pires10aO prazer das compraslpor10aO prazer das compras a560 a2007 4aEstudos sociais / Educação para o trânsito